[Event "Montevideo Duchamp Cup 3rd"]
[Site "Montevideo"]
[Date "2019.02.13"]
[Round "6"]
[White "Siddeley, Hugh"]
[Black "Coppola, Claudio"]
[Result "0-1"]
[WhiteElo "1968"]
[BlackElo "2209"]
[PlyCount "168"]
[EventDate "2019.02.09"]
[EventType "swiss"]
[EventRounds "9"]
[EventCountry "URU"]
[SourceTitle "CBM 188 Extra"]
[Source "ChessBase"]
[SourceDate "2019.02.26"]
[SourceVersion "1"]
[SourceVersionDate "2019.02.26"]
[SourceQuality "1"]

1. e4 c5 2. d4 d6 3. Nf3 cxd4 4. Nxd4 Nf6 5. Nc3 g6 6. Be3 Bg7 7. f3 0-0 8. Qd2 Nc6 9. Bc4 Bd7 10. 0-0-0 Rb8 11. g4 b5 12. Bb3 Na5 13. Kb1 Nc4 14. Bxc4 bxc4 15. Ka1 Qc7 16. h4 Rfc8 17. h5 Qb7 18. Rb1 Rc5 19. hxg6 fxg6 20. Nde2 Ra5 21. Bd4 Qb4 22. b3 Bf8 23. g5 Nh5 24. Rhd1 Rc8 25. f4 Rc6 26. bxc4 Qxc4 27. Qd3 Be6 28. Rb2 Rca6 29. Kb1 Qc6 30. Rf1 Ra3 31. f5 Bc4 32. Qd2 R6a5 33. fxg6 hxg6 34. Rf2 e5 35. Rb8 Bf7 36. Be3 Qc7 37. Rb2 Qc8 38. Nd5 Qc4 39. Ndc3 Qa6 40. Nc1 Qc4 41. Nb3 Ra6 42. Qd3 Rc6 43. Nd5 Bxd5 44. exd5 Qxd3 45. cxd3 Rc3 46. Nc1 Ng3 47. Rb7 Nf5 48. Bxa7 Ra5 49. Rc2 Rxc2 50. Kxc2 Rxd5 51. Ne2 Be7 52. Nc3 Ra5 53. Ne4 Rxa2+ 54. Kb3 Rg2 55. Kc4 Bxg5 56. Kd5 Be7 57. Ke6 Rh2 58. Bb8 Rh7 59. Rc7 Nd4+ 60. Kd5 Nf5 61. Ke6 Rf7 62. Rc8+ Kg7 63. Nxd6 Bxd6 64. Bxd6 Rf6+ 65. Kxe5 Nxd6 66. Rc7+ Nf7+ 67. Ke4 g5 68. d4 g4 69. Rc3 Ng5+ 70. Ke5 Kg6 71. d5 Rf5+ 72. Kd4 Rf4+ 73. Ke5 Re4+ 74. Kd6 Rd4 75. Ke5 Nf3+ 76. Ke6 Re4+ 77. Kd7 Ne5+ 78. Ke6 Nc4+ 79. Kd7 Kf5 80. Kc6 Kf4 81. d6 g3 82. d7 Ne5+ 83. Kc7 Nxd7 84. Kxd7 g2 0-1

[Event "Canadian op 48th U2000"]
[Site "Toronto"]
[Date "2011.07.16"]
[Round "8"]
[White "Haziprodromu, Sam"]
[Black "Siddeley, Hugh"]
[Result "1/2-1/2"]
[WhiteElo "1843"]
[BlackElo "1996"]
[PlyCount "79"]
[EventDate "2011.07.09"]
[EventType "swiss"]
[EventRounds "9"]
[EventCountry "CAN"]
[SourceTitle "EXT 2022"]
[Source "ChessBase"]
[SourceDate "2021.10.06"]
[SourceVersion "1"]
[SourceVersionDate "2021.10.06"]
[SourceQuality "1"]

1. e4 c5 2. Nc3 Nc6 3. g3 g6 4. Bg2 Bg7 5. Nge2 d6 6. 0-0 Rb8 7. d3 Bd7 8. Be3 Nd4 9. Qd2 b5 10. Nd1 e6 11. f4 f5 12. c3 Nxe2+ 13. Qxe2 Ne7 14. Nf2 0-0 15. Rfd1 b4 16. d4 bxc3 17. bxc3 cxd4 18. cxd4 Qa5 19. Rac1 Rfc8 20. Rxc8+ Bxc8 21. g4 Ba6 22. Qc2 Rc8 23. Qb3 Bc4 24. Qb2 Qxa2 25. Qb7 Bf8 26. d5 exd5 27. gxf5 gxf5 28. exf5 Qb3 29. Qd7 Qxe3 30. f6 Rb8 31. fxe7 Bxe7 32. Bh3 d4 33. Qxa7 Rf8 34. Qxd4 Qxf4 35. Ne4 Bf7 36. Kh1 h6 37. Nxd6 Qxd4 38. Rxd4 Rd8 39. Rg4+ Kf8 40. Nxf7 1/2-1/2

[Event "Canadian op 48th U2000"]
[Site "Toronto"]
[Date "2011.07.14"]
[Round "6"]
[White "Siddeley, Hugh"]
[Black "Doknjas, John"]
[Result "1/2-1/2"]
[WhiteElo "1996"]
[BlackElo "1997"]
[PlyCount "56"]
[EventDate "2011.07.09"]
[EventType "swiss"]
[EventRounds "9"]
[EventCountry "CAN"]
[SourceTitle "EXT 2022"]
[Source "ChessBase"]
[SourceDate "2021.10.06"]
[SourceVersion "1"]
[SourceVersionDate "2021.10.06"]
[SourceQuality "1"]

1. e4 c5 2. Nf3 d6 3. Bb5+ Bd7 4. Bxd7+ Qxd7 5. c4 Nf6 6. Nc3 Nc6 7. d4 cxd4 8. Nxd4 Qg4 9. Qxg4 Nxg4 10. Nxc6 bxc6 11. Bf4 Rb8 12. h3 Ne5 13. Bxe5 dxe5 14. 0-0-0 e6 15. Rd2 Bc5 16. Rhd1 Bd4 17. Kc2 Ke7 18. a3 c5 19. Rb1 Rhc8 20. Nd1 Rb6 21. Rd3 Rcb8 22. b3 Ra6 23. a4 Rab6 24. Rg3 g6 25. Rf3 f5 26. Nc3 Bxc3 27. Kxc3 a5 28. Re3 f4 1/2-1/2

[Event "Toronto Howard Ridout Swiss"]
[Site "Toronto"]
[Date "2010.09.16"]
[Round "2"]
[White "Siddeley, Hugh"]
[Black "Hall, John2222"]
[Result "1-0"]
[WhiteElo "2044"]
[BlackElo "2250"]
[PlyCount "116"]
[EventDate "2010.09.09"]
[EventType "swiss"]
[EventRounds "7"]
[EventCountry "CAN"]
[SourceTitle "EXT 2022"]
[Source "ChessBase"]
[SourceDate "2021.10.06"]
[SourceVersion "1"]
[SourceVersionDate "2021.10.06"]
[SourceQuality "1"]

1. e4 e5 2. Nf3 Nc6 3. Bb5 a6 4. Ba4 Nf6 5. 0-0 Be7 6. Re1 b5 7. Bb3 d6 8. c3 0-0 9. h3 Bb7 10. d4 Qd7 11. Nbd2 Rae8 12. Nf1 exd4 13. cxd4 Na5 14. Bc2 d5 15. e5 Ne4 16. N1d2 f5 17. Nf1 Nc4 18. a3 c5 19. b3 Nb6 20. dxc5 Bxc5 21. Be3 Bxe3 22. Nxe3 Qe6 23. Qd4 Nd7 24. Rad1 Nxe5 25. Nxe5 Qxe5 26. Qxe5 Rxe5 27. f4 Re7 28. Nxd5 Bxd5 29. Rxd5 Rc8 30. Bxe4 fxe4 31. Re3 Rc2 32. Rd4 Rb2 33. a4 h6 34. axb5 axb5 35. b4 Rc7 36. Rdxe4 Rcc2 37. Rg3 Kf7 38. f5 Rc1+ 39. Kh2 Rf1 40. Rg6 h5 41. Rg5 Rff2 42. Rh4 Kf6 43. Rg6+ Kf7 44. Rxh5 Rxb4 45. Rh7 Rxf5 46. Rhxg7+ Kf8 47. Rb7 Rf7 48. Rb8+ Ke7 49. Rgb6 Rf5 50. R8b7+ Kf8 51. Rh7 Kg8 52. Rd7 Rb2 53. Rbb7 Rff2 54. Rd8+ Rf8 55. Rxf8+ Kxf8 56. h4 Rb3 57. g3 Rb1 58. Kh3 Ke8 1-0

[Event "Toronto PWC op"]
[Site "Toronto"]
[Date "2009.04.19"]
[Round "4"]
[White "Siddeley, Hugh"]
[Black "Wight, Keith"]
[Result "1-0"]
[WhiteElo "2003"]
[BlackElo "2030"]
[PlyCount "105"]
[EventDate "2009.04.17"]
[EventType "swiss"]
[EventRounds "5"]
[EventCountry "CAN"]
[SourceTitle "CBM 129 Extra"]
[Source "ChessBase"]
[SourceDate "2009.05.05"]
[SourceVersion "2"]
[SourceVersionDate "2009.05.20"]
[SourceQuality "1"]

1. e4 c5 2. Nc3 Nc6 3. Bb5 Nd4 4. a4 g6 5. Nf3 Bg7 6. 0-0 Nh6 7. d3 0-0 8. Nxd4 cxd4 9. Ne2 Re8 10. c3 dxc3 11. bxc3 e6 12. d4 a6 13. Bd3 d6 14. f3 f5 15. Bd2 Bd7 16. a5 Bc6 17. Qb3 d5 18. e5 Rc8 19. Rfc1 Nf7 20. Rc2 Rc7 21. Rb2 Qd7 22. Qa2 Rec8 23. Rb6 Bf8 24. Rab1 g5 25. R1b2 Be7 26. Qb1 Kh8 27. Kh1 h5 28. Ng3 Nh6 29. Nxh5 Rg8 30. Qe1 Qe8 31. Nf6 Bxf6 32. exf6 Nf7 33. Qg3 Qb8 34. Bxa6 Kh7 35. Bd3 Qc8 36. a6 bxa6 37. Bxa6 Qd8 38. Rb8 Qxb8 39. Rxb8 Rxb8 40. h4 Rb1+ 41. Kh2 Ra7 42. hxg5 Kg6 43. Bc8 Bd7 44. Bxd7 Rxd7 45. Qf4 Nd6 46. Qe5 f4 47. Qxf4 Rd1 48. Kg3 Nf5+ 49. Kf2 Rh7 50. Ke2 Rg1 51. g4 Ng3+ 52. Kd3 Rb7 53. Qd6 1-0

[Event "Toronto PWC op"]
[Site "Toronto"]
[Date "2009.04.17"]
[Round "1"]
[White "Samsonkin, Artiom"]
[Black "Siddeley, Hugh"]
[Result "1-0"]
[WhiteElo "2379"]
[BlackElo "2003"]
[PlyCount "87"]
[EventDate "2009.04.17"]
[EventType "swiss"]
[EventRounds "5"]
[EventCountry "CAN"]
[SourceTitle "CBM 129 Extra"]
[Source "ChessBase"]
[SourceDate "2009.05.05"]
[SourceVersion "2"]
[SourceVersionDate "2009.05.20"]
[SourceQuality "1"]

1. e4 c5 2. Nf3 Nc6 3. Nc3 Nf6 4. d4 cxd4 5. Nxd4 e5 6. Ndb5 d6 7. Nd5 Nxd5 8. exd5 Nb8 9. a4 Be7 10. Be2 0-0 11. 0-0 Nd7 12. Kh1 a6 13. Na3 f5 14. Nc4 Nb6 15. Nxb6 Qxb6 16. a5 Qd8 17. Be3 Bg5 18. Bxg5 Qxg5 19. f4 exf4 20. Qd2 Qh6 21. Qxf4 g5 22. Qd2 f4 23. Bd3 Bg4 24. Qb4 Rf7 25. Rae1 Raf8 26. Qd4 Qh5 27. Rf2 f3 28. g3 Bh3 29. Kg1 Bc8 30. c4 g4 31. b4 Qg5 32. c5 Re7 33. Rxe7 Qxe7 34. cxd6 Qxd6 35. Rc2 Be6 36. Rc5 Bd7 37. Bc4 Re8 38. Kf2 h5 39. Rc6 Re2+ 40. Kf1 bxc6 41. dxc6+ Qe6 42. Bxe6+ Bxe6 43. Qd3 h4 44. c7 1-0

[Event "Toronto Howard Ridout op"]
[Site "Toronto"]
[Date "2008.09.18"]
[Round "2"]
[White "Siddeley, Hugh"]
[Black "Armstrong, Robert J"]
[Result "1-0"]
[WhiteElo "2110"]
[BlackElo "1834"]
[PlyCount "81"]
[EventDate "2008.09.11"]
[EventType "swiss"]
[EventRounds "7"]
[EventCountry "CAN"]
[SourceTitle "EXT 2011"]
[Source "ChessBase"]
[SourceDate "2010.11.26"]
[SourceVersion "1"]
[SourceVersionDate "2010.11.26"]
[SourceQuality "1"]

1. e4 g6 2. d4 Bg7 3. Nc3 d6 4. f4 Nf6 5. Nf3 0-0 6. e5 Ng4 7. h3 Nh6 8. Be3 Nf5 9. Bf2 b6 10. g4 Nh6 11. Qe2 Ba6 12. Qe4 c6 13. Bxa6 Nxa6 14. Qxc6 Qc7 15. Qxc7 Nxc7 16. 0-0-0 b5 17. d5 Rfc8 18. Ne2 a5 19. Kb1 b4 20. Rd3 a4 21. Rhd1 Nb5 22. Ned4 Nxd4 23. Bxd4 Kf8 24. Ng5 Kg8 25. Ne4 Ra6 26. exd6 exd6 27. Nf6+ Kh8 28. Re1 Ng8 29. Ne8 Bxd4 30. Rxd4 b3 31. cxb3 axb3 32. axb3 Rca8 33. Re3 R8a7 34. Rc4 Ne7 35. Nf6 Kg7 36. g5 Ng8 37. Ne8+ Kf8 38. Rc8 Ne7 39. Nf6+ Kg7 40. Rxe7 Rxe7 41. Rg8# 1-0

[Event "Toronto Howard Ridout Swiss"]
[Site "Toronto"]
[Date "2007.09.20"]
[Round "2"]
[White "Siddeley, Hugh"]
[Black "Rutherdale, William"]
[Result "1-0"]
[WhiteElo "2100"]
[BlackElo "1892"]
[PlyCount "77"]
[EventDate "2007.09.13"]
[EventType "swiss"]
[EventRounds "7"]
[EventCountry "CAN"]
[SourceTitle "EXT 2022"]
[Source "ChessBase"]
[SourceDate "2021.10.06"]
[SourceVersion "1"]
[SourceVersionDate "2021.10.06"]
[SourceQuality "1"]

1. e4 d6 2. d4 Nf6 3. Nc3 g6 4. Bg5 Bg7 5. Qd2 Nbd7 6. Bh6 Bxh6 7. Qxh6 e5 8. Nf3 Qe7 9. 0-0-0 exd4 10. Nxd4 Ne5 11. h3 Bd7 12. Nd5 Nxd5 13. exd5 f5 14. Qd2 0-0 15. f4 Nf7 16. h4 Rae8 17. Rh3 a6 18. Rc3 Bc8 19. h5 Nh6 20. hxg6 hxg6 21. Be2 Rf7 22. Bf3 Qf6 23. Ne6 c5 24. Ng5 Rfe7 25. Rh1 Ng4 26. Bxg4 fxg4 27. g3 Re2 28. Qd1 Bf5 29. a3 Rg2 30. Re1 Rb8 31. Re2 Rxe2 32. Qxe2 b5 33. Re3 Rb7 34. Re8+ Kg7 35. Qh2 Qxb2+ 36. Kxb2 Kf6 37. Qh8+ Rg7 38. Qf8+ Rf7 39. Qxf7# 1-0

[Event "Canada zt"]
[Site "Toronto"]
[Date "2006.08.18"]
[Round "1"]
[White "Dougherty, Michael J"]
[Black "Siddeley, Hugh"]
[Result "1-0"]
[WhiteElo "2186"]
[BlackElo "2010"]
[PlyCount "53"]
[EventDate "2006.08.18"]
[EventType "swiss"]
[EventRounds "9"]
[EventCountry "CAN"]
[SourceTitle "CBM 113 Extra"]
[Source "ChessBase"]
[SourceDate "2006.09.14"]
[SourceVersion "1"]
[SourceVersionDate "2006.09.14"]
[SourceQuality "1"]

1. Nf3 c5 2. c4 e6 3. g3 b6 4. Bg2 Bb7 5. 0-0 Nf6 6. Nc3 a6 7. Re1 d6 8. e4 Nbd7 9. d4 cxd4 10. Nxd4 Be7 11. e5 dxe5 12. Nxe6 fxe6 13. Bxb7 Ra7 14. Bg2 Rc7 15. Be3 Qc8 16. Qb3 Ng4 17. Bh3 Nxe3 18. Rxe3 Bc5 19. Ne4 0-0 20. Bxe6+ Kh8 21. Nxc5 Nxc5 22. Bxc8 Nxb3 23. axb3 Rfxc8 24. Rxa6 b5 25. cxb5 Rc5 26. Rc3 h6 27. Rc6 1-0

[Event "Toronto Fuster Memorial"]
[Site "Toronto"]
[Date "2002.12.11"]
[Round "6"]
[White "Thavandiran, Shiyam"]
[Black "Siddeley, Hugh"]
[Result "1-0"]
[WhiteElo "1966"]
[BlackElo "2027"]
[PlyCount "43"]
[EventDate "2002.09.14"]
[EventType "tourn"]
[EventRounds "9"]
[EventCountry "CAN"]
[SourceTitle "EXT 2022"]
[Source "ChessBase"]
[SourceDate "2021.10.06"]
[SourceVersion "1"]
[SourceVersionDate "2021.10.06"]
[SourceQuality "1"]

1. e4 c6 2. d4 d5 3. e5 Bf5 4. Nc3 e6 5. g4 Bg6 6. Nge2 h6 7. Nf4 Bh7 8. Bd3 Bxd3 9. Qxd3 c5 10. Nce2 Nc6 11. c3 Qb6 12. 0-0 cxd4 13. cxd4 0-0-0 14. Bd2 Kb8 15. Rfc1 h5 16. g5 Nge7 17. a4 a5 18. Qb5 Ka7 19. Rc5 Qxb5 20. axb5 b6 21. Rcc1 Nb8 22. Rc7+ 1-0

[Event "Toronto Fuster Memorial"]
[Site "Toronto"]
[Date "2002.12.07"]
[Round "8"]
[White "Veltmann, Martin"]
[Black "Siddeley, Hugh"]
[Result "1-0"]
[WhiteElo "2083"]
[BlackElo "1983"]
[PlyCount "47"]
[EventDate "2002.09.14"]
[EventType "tourn"]
[EventRounds "9"]
[EventCountry "CAN"]
[SourceTitle "EXT 2022"]
[Source "ChessBase"]
[SourceDate "2021.10.06"]
[SourceVersion "1"]
[SourceVersionDate "2021.10.06"]
[SourceQuality "1"]

1. c4 Nf6 2. Nc3 g6 3. e4 d6 4. d4 Bg7 5. Nf3 0-0 6. Be2 e5 7. 0-0 Nc6 8. d5 Ne7 9. Ne1 Nd7 10. Be3 f5 11. f3 f4 12. Bf2 g5 13. Nd3 Nf6 14. c5 h5 15. cxd6 cxd6 16. Rc1 g4 17. a4 Rf7 18. Nb5 a6 19. Nc7 Rb8 20. Ba7 Bd7 21. Bxb8 Qxb8 22. Ne6 Bxe6 23. dxe6 Rf8 24. Nb4 1-0

[Event "Toronto Anderson Memorial"]
[Site "Toronto"]
[Date "2002.09.23"]
[Round "1"]
[White "Veltmann, Martin"]
[Black "Siddeley, Hugh"]
[Result "1/2-1/2"]
[WhiteElo "2083"]
[BlackElo "2027"]
[PlyCount "145"]
[EventDate "2002.09.23"]
[EventType "tourn"]
[EventRounds "9"]
[EventCountry "CAN"]
[SourceTitle "EXT 2022"]
[Source "ChessBase"]
[SourceDate "2021.10.06"]
[SourceVersion "1"]
[SourceVersionDate "2021.10.06"]
[SourceQuality "1"]

1. c4 Nc6 2. Nc3 e5 3. Nf3 Nf6 4. g3 Bb4 5. Bg2 0-0 6. 0-0 Re8 7. Nd5 Nxd5 8. cxd5 Nd4 9. a3 Bc5 10. b4 Nxf3+ 11. Bxf3 Bd4 12. Rb1 e4 13. Bg2 d6 14. e3 Bb6 15. d3 exd3 16. Qxd3 a5 17. b5 Qf6 18. Bb2 Qg6 19. e4 f5 20. Rbe1 Bd7 21. a4 Re7 22. e5 dxe5 23. Ba3 e4 24. Qb3 Ree8 25. Kh1 Bd4 26. Qc4 Be5 27. f4 Bd6 28. Bb2 Kh8 29. Rc1 Rec8 30. Rfd1 h5 31. Be5 b6 32. Bh3 Kh7 33. Rc2 Bc5 34. Bd4 Bd6 35. Qe2 Qf7 36. Be5 Bc5 37. Rdc1 g6 38. Qc4 Qe7 39. Bf1 Be8 40. Qc3 Bf7 41. Bc4 Rd8 42. Bf6 Qd6 43. Bxd8 Rxd8 44. Rd1 Rd7 45. Bb3 Bg8 46. Qe5 Bf7 47. Kg2 Re7 48. Qb2 Rd7 49. Qc1 Qf6 50. Kh3 Qd8 51. Rxc5 bxc5 52. Qxc5 Qf6 53. Qd4 Qd6 54. Qc3 Qb6 55. Qd4 Qxd4 56. Rxd4 Kg7 57. Kg2 Kf6 58. Kf2 Ke7 59. Ke3 Rd6 60. Rd1 Kd8 61. Kd4 Be8 62. Bc4 Kc8 63. h3 Bd7 64. Ke5 Kb7 65. Be2 Kb6 66. Rc1 Kb7 67. g4 hxg4 68. hxg4 fxg4 69. Kxe4 Bf5+ 70. Kd4 Rd8 71. Rc3 Re8 72. Bd3 Re1 73. Bc4 1/2-1/2